000 00790nam a2200265 a 4500
001 69518
003 BD-RjUL
005 20211209081910.0
008 170412s1975 enka b 001 0 eng d
020 _a0198518234
_a0198518242
035 _a(BD-RjUL)69730
040 _aDLC
_cDLC
_dDLC
_beng
041 _aeng
082 0 0 _223
_a530.11
_bTAS 1975
100 1 _aTaylor, J. G.
_q(John Gerald),
_d1931-
_9205914
245 1 0 _aSpecial relativity /
_cJ. G. Taylor.
260 _aOxford :
_bClarendon Press,
_cc1975.
300 _a106 p. :
_bill. ;
_c23 cm.
490 0 _aOxford physics series.
504 _aIncludes bibliographies and indexes.
650 0 _aSpecial relativity (Physics).
_9157015
830 _aOxford physics series.
_9152720
942 _2ddc
_cBK
999 _c69518
_d69518